Pajarraigos / (Record no. 182041)

MARC details
000 -CABECERA
campo de control de longitud fija 00627nam a2200205 a 4500
005 - FECHA Y HORA DE LA ÚLTIMA TRANSACCIÓN
campo de control 20240912063854.0
008 - ELEMENTOS DE LONGITUD FIJA--INFORMACIÓN GENERAL
campo de control de longitud fija 160429s2000 ag r 000 0 spa d
020 ## - NÚMERO INTERNACIONAL NORMALIZADO PARA LIBROS
Número Internacional Estándar del Libro 9789876020534
035 ## - NÚMERO DE CONTROL DEL SISTEMA
Número de control de sistema UPN01000209940
049 ## - COLECCIÓN
Colección I
050 #4 - SIGNATURA TOPOGRÁFICA DE LA BIBLIOTECA DEL CONGRESO
Número de clasificación PQ7798.33 A6.6
Número de documento/Ítem P3.4
100 1# - ASIENTO PRINCIPAL--NOMBRE PERSONAL
Nombre de persona Wapner, David,
Fechas asociadas al nombre 1958-
9 (RLIN) 34127
245 10 - MENCIÓN DE TÍTULO
Título Pajarraigos /
Mención de responsabilidad, etc. David Wapner ; il. Claudia Degliuomini.
260 ## - PUBLICACIÓN, DISTRIBUCIÓN, ETC.
Lugar de publicación, distribución, etc. Córdoba, Arg. :
Nombre del editor, distribuidor, etc. Comunicarte,
-- 2007.
300 ## - DESCRIPCIÓN FÍSICA
Extensión [27] p. :
Otras características físicas il. col.
440 #0 - MENCIÓN DE SERIE/ASIENTO SECUNDARIO--TÍTULO
Título Vaquita de San Antonio
650 #4 - ASIENTO SECUNDARIO DE MATERIA - TERMINO TEMATICO
Término de materia o nombre geográfico como elemento de entrada Cuentos infantiles argentinos
9 (RLIN) 7466
650 #0 - ASIENTO SECUNDARIO DE MATERIA - TERMINO TEMATICO
Término de materia o nombre geográfico como elemento de entrada Animales
Subdivisión de forma Cuentos y leyendas
9 (RLIN) 234
905 ## - TIPO DE MATERIAL
Tipo de material Infantil
Holdings
Estado de retiro Estado de pérdida Fuente del sistema de clasificación o colocación Estado dañado No para préstamo Código de colección Localización permanente Ubicación/localización actual Ubicación en estantería Fecha de adquisición Total de préstamos Clasificación Código de barras Fecha visto por última vez Número de copia Tipo de ítem Koha
    Library of Congress Classification     Infantil Bib. Gregorio Torres Quintero Bib. Gregorio Torres Quintero Sala infantil Planta baja 01/04/2022 1 PQ7798.33 A6.6 P3.4 310380 01/04/2022 1 Libro